| 000 | 00909nam a22001817a 4500 | ||
|---|---|---|---|
| 003 | NUST | ||
| 005 | 20230118114451.0 | ||
| 020 | _a 9780751327042 | ||
| 082 | _a658.4,ALI | ||
| 100 |
_aAli, Moi _9106949 |
||
| 245 |
_aManaging for Excellence / _bMoi Ali, Stephen Brookson, Andy Bruce, John Eation, Robert Heller |
||
| 260 |
_aDorling Kindersley _bLondon _c2001 |
||
| 300 | _a864 p | ||
| 505 | _aAchieving Excellence (Page-14), Leading Effectively (Page-82), Managing People (Page-150), Coaching Successfully (Page-218), Managing Projects (Page-286), Thinking Strategically (Page-354), Managing Budgets (Page-422), Understanding Accounts (Page-490), Sellling Sucessfully (Page-558), Marketing Effctively (Page-626), Understanding information technology (Page-694), Moving to E-Business (Page-762). | ||
| 650 |
_aAchieving Excellence _9106950 |
||
| 651 |
_aManaging for Excellence _9106951 |
||
| 942 |
_2ddc _cBK |
||
| 999 |
_c592942 _d592942 |
||